Statistics for Countries By External Debt

Click here to take the quiz!

General Stats

  • This quiz has been taken 35 times
  • The average score is 26 of 30

Answer Stats

RankExternal Debt (US$)Country% Correct
45,546,869,000,000Germany
100%
72,651,413,000,000Italy
100%
19599,819,000,000Russia
100%
119,643,000,000,000United States
100%
35,750,152,000,000France
97%
62,861,488,000,000Japan
97%
92,305,648,000,000Spain
97%
16145,154,804,082Sweden
97%
29,219,000,000,000United Kingdom
97%
141,395,638,000,000Australia
93%
27352,900,000,000Mexico
93%
23428,300,000,000Brazil
90%
131,491,000,000,000Canada
90%
111,680,000,000,000China
90%
22485,600,000,000India
90%
21548,800,000,000Portugal
90%
17820,010,000,000Austria
86%
18614,552,640,000Norway
86%
24425,353,000,000South Korea
86%
26360,000,000,000Greece
83%
82,650,000,000,000Netherlands
83%
121,610,897,000,000Switzerland
83%
151,286,918,000,000Belgium
79%
25405,223,000,000Turkey
76%
20593,221,000,000Denmark
72%
28324,203,000,000Indonesia
72%
29263,967,288,631Ireland
72%
30230,870,491,803Malaysia
59%
101,766,401,000,000Singapore
55%
53,472,282,000,000Luxembourg
52%

Score Distribution

Percentile by Number Answered

Percent of People with Each Score

Your Score History

You have not taken this quiz